000 00451nam a2200205Ia 4500
001 001069
003 YMCAF
005 20230512160046.0
008 100717s1971 ||||||||||||||||| ||und|d
024 _a1069
035 _a1051
040 _aYMCAF
_beng
_cIN-KoLT
041 _aeng
082 _aLIN-I.S
100 _aI.S. 4682
245 0 _aLINING OF VESSELS AUDE QUIPMENT FOR CHAMICAL PROCESS
260 _c1971
300 _a18
942 _2ddc
_cBK
999 _c856
_d856